| 000 | 00597nam a22001817a 4500 | ||
|---|---|---|---|
| 999 |
_c9381 _d9381 |
||
| 008 | 210409b ||||| |||| 00| 0 eng d | ||
| 040 | _aBMS College of Architecture | ||
| 100 | _aPeerzade, Hafsa Sayeda | ||
| 245 | _aTransformation of urban spaces- A case study of Dilsukhnagar, Hyderabad | ||
| 300 | _aNA | ||
| 500 | _a1BM13AHD08 | ||
| 502 |
_8M.Arch _NBMS College of Architecture, Visvesvaraya Technological University _aDissertation _d2015 |
||
| 650 | _aHyderabad | ||
| 650 | _aUrban Space | ||
| 700 |
_aMamatha P Raj _eGuide |
||
| 700 |
_aSadashiv Chakravarthy _eGuide |
||
| 942 |
_2ddc _cPGTHE |
||